Методическое руководство по проектированию и внедрению скоростных методов сооружения горизонтальных горно-разведочных выработок в условиях Таджикистана

Bibliografiset tiedot
Yhteisötekijä: Томский политехнический институт (570)
Yhteenveto:Ротапринтное издание
Kieli:venäjä
Julkaistu: Томск, [Б. и.], 1985
Aiheet:
Aineistotyyppi: MixedMaterials Kirja
KOHA link:https://koha.lib.tpu.ru/cgi-bin/koha/opac-detail.pl?biblionumber=673514

MARC

LEADER 00000nam0a2200000 4500
001 673514
005 20241029163809.0
090 |a 673514 
100 |a 20240703d1985 km|y0rusy50 ca 
101 0 |a rus 
102 |a RU 
105 |a a j 001yy 
181 0 |a i   |b  e  
182 0 |a n 
183 0 |a nc  |2 RDAcarrier 
200 1 |a Методическое руководство по проектированию и внедрению скоростных методов сооружения горизонтальных горно-разведочных выработок в условиях Таджикистана  |f Томский политехнический институт им. С. М. Кирова 
203 |a Текст  |b визуальный  |c непосредственный 
210 |a Томск  |c [Б. и.]  |d 1985 
215 |a 286 л.  |c ил. 
283 |a volume  |2 RDAcarrier 
300 |a Ротапринтное издание 
317 |5 63413507: КР-7889  |a Поступил в НТБ в 2023 г. в составе книжного собрания профессора В. Г. Лукьянова 
320 |a Литература: л. 285-286 
606 |a Горные выработки, разведочные  |9 35346 
610 1 |a подземные выработки 
610 1 |a горизонтальные выработки 
610 1 |a Таджикская ССР 
610 1 |a технологические схемы 
610 1 |a технологические карты 
610 1 |a оборудование 
610 1 |a технологические процессы 
610 1 |a горнопроходческие комплексы 
610 1 |a проходческие работы 
610 1 |a проветривание 
610 1 |a водоотлив 
610 1 |a воздухоснабжение 
610 1 |a Библиотека В. Г. Лукьянова 
675 |a 550.812.1(07)  |v 4 
712 0 2 |a Томский политехнический институт  |c (1944-1991)  |9 23521  |4 570 
801 0 |a RU  |b 63413507  |c 20240703 
942 |c BK